REA'S Biology builder for admission and standardized test. / (Record no. 6877)
[ view plain ]
| 000 -LEADER | |
|---|---|
| fixed length control field | 00608nam a22001337a 4500 |
| 008 - FIXED-LENGTH DATA ELEMENTS--GENERAL INFORMATION | |
| fixed length control field | 190806b xxu||||| |||| 00| 0 eng d |
| 020 ## - INTERNATIONAL STANDARD BOOK NUMBER | |
| International Standard Book Number | 0878919406 |
| 050 ## - LIBRARY OF CONGRESS CALL NUMBER | |
| Classification number | QH54.R43 |
| 245 ## - TITLE STATEMENT | |
| Title | REA'S Biology builder for admission and standardized test. / |
| 260 ## - PUBLICATION, DISTRIBUTION, ETC. | |
| Place of publication, distribution, etc. | Piscataway: |
| Name of publisher, distributor, etc. | REA, |
| Date of publication, distribution, etc. | 1994. |
| 300 ## - PHYSICAL DESCRIPTION | |
| Extent | vii, 417 p.: |
| Other physical details | ill.; |
| Dimensions | 26cm |
| 505 ## - FORMATTED CONTENTS NOTE | |
| Formatted contents note | Contents: About the biology builder -- Biochemistry -- Cells -- Transformation of energy -- Molecular genetics -- Heredity -- Evolution -- Introduction to biological organisms -- The kingdom plantae -- The kingdom animalia -- Ecology -- Mini tests. |
| 942 ## - ADDED ENTRY ELEMENTS (KOHA) | |
| Source of classification or shelving scheme | Library of Congress Classification |
| Koha item type | Books |
| Withdrawn status | Lost status | Source of classification or shelving scheme | Damaged status | Not for loan | Home library | Current library | Date acquired | Total Checkouts | Full call number | Barcode | Date last seen | Price effective from | Koha item type |
|---|---|---|---|---|---|---|---|---|---|---|---|---|---|
| Library of Congress Classification | WISCONSIN INTERNATIONAL UNIVERSITY COLLEGE, GHANA - MAIN LIBRARY | WISCONSIN INTERNATIONAL UNIVERSITY COLLEGE, GHANA - MAIN LIBRARY | 07/08/2019 | QH54.R43 | NURS/598/260/19 | 07/08/2019 | 07/08/2019 | Books |
